| Tag |
First Indicator |
Second Indicator |
Subfields |
| LEADER |
00000cam a2200000 a 4500 |
| 001 |
in00000091593 |
| 005 |
20151008064032.0 |
| 008 |
820226s1982 vau 00110 eng d |
| 035 |
|
|
|a (OCoLC)08198504
|
| 035 |
|
|
|9 AAK3400AM
|
| 040 |
|
|
|a FML
|c FML
|d TXA
|d UtOrBLW
|
| 043 |
|
|
|a n-us---
|
| 049 |
|
|
|a TXAM
|c [1329251]
|
| 090 |
|
|
|a KF8935
|b .S2 1982
|
| 100 |
1 |
|
|a Saltzburg, Stephen A.
|
| 245 |
1 |
0 |
|a Federal rules of evidence manual :
|b a complete guide to the Federal rules of evidence /
|c by Stephen A. Saltzburg, Kenneth R. Redden.
|
| 250 |
|
|
|a 3rd ed.
|
| 264 |
|
1 |
|a Charlottesville, Va. :
|b Michie Co.,
|c 1982.
|
| 300 |
|
|
|a xxxii, 907 pages ;
|c 27 cm.
|
| 336 |
|
|
|a text
|b txt
|2 rdacontent
|
| 337 |
|
|
|a unmediated
|b n
|2 rdamedia
|
| 338 |
|
|
|a volume
|b nc
|2 rdacarrier
|
| 500 |
|
|
|a Includes the text of Federal rules of evidence.
|
| 500 |
|
|
|a In the 1st edition (1975) K.R. Redden's name appeared first on title page.
|
| 504 |
|
|
|a Includes bibliographies and index.
|
| 650 |
|
0 |
|a Evidence (Law)
|z United States.
|
| 700 |
1 |
|
|a Redden, Kenneth R.
|q (Kenneth Robert),
|d 1917-1998.
|
| 710 |
1 |
2 |
|a United States.
|t Federal rules of evidence. 1975.
|
| 999 |
|
|
|a MARS
|
| 999 |
f |
f |
|s af76db98-a91d-34ba-98aa-9e20012b8d83
|i 5db245a4-5640-3bbd-b79e-e9c8ecda0a36
|t 0
|
| 952 |
f |
f |
|p ric
|a Texas A&M University
|b Rellis Campus
|c Joint Library Facility
|d Remote Storage
|t 0
|e KF8935 .S2 1982
|h Library of Congress classification
|i unmediated -- volume
|m A14806157292
|
| 998 |
f |
f |
|a KF8935 .S2 1982
|t 0
|l Remote Storage
|